000 00804nam a2200205 i 4500
001 180583
003 ES-MaACL
005 20230906221134.0
008 120614s1975 sp |||| | spa d
080 _a543-4(043.2)
100 1 _aDuñach Archs, Jaime.
_9150573
245 1 0 _aReaccionabilidad y posibles aplicaciones analíticas derivados carboxílicos y sus ésteres de la isonitrosoacetanilida /
_cpor Jaime Duñach Archs.
260 _aBarcelona :
_bUniversidad, Secretariado de Publicaciones, Intercambio Científico y Extensión Universitaria,
_c1975.
300 _a27 p. ;
_c24 cm.
502 _aTesis-Universidad Barcelona (Extracto)
504 _aBibliografía.
650 4 _aReactivos químicos.
_9150574
710 2 _aUniversidad de Barcelona.
_97141
852 _aES-MaACL
_jE-15362(142)
999 _c180583
_d180583